Statistics for Destiny the Game Quiz #15 Prison/Challenge of Elders

Click here to take the quiz!

General Stats

  • This quiz has been taken 330 times
  • The average score is 15 of 30

Answer Stats

HintAnswer% Correct
Name the boss at the end of the level 35 PoE.Skolas, Kell of Kells
99%
Name the exotic side arm earned from PoE.Dreg's Promise
92%
Name the exotic shotgun earned from PoE.Lord of Wolves
92%
Name the exotic fusion rifle earned from PoE.Queenbreaker's Bow
88%
How many seconds do you have between receiving the debuff and death?30
87%
Name one of the two gifts which can be presented to guardian's during PoE.Heavy Ammo
84%
What "core" was (and still is) earned for completing level 34 PoE?Weapon
82%
What "core" was (and still is) earned for completing level 32 PoE?Armor
81%
Name the other.Scorch Cannon
78%
Score required in a single run of level 42 CoE to earn a weapon from Variks30,000
76%
Which fallen enemy must be defeated in order to damage (answer 1) in level 35 PoE?Servitor
75%
What item was (and still is) earned for completing levels 34 and 35 PoE which brought your gear up to max light level?Etheric Light
75%
Score required to earn armour from Variks90,000
74%
Week 2 of CoE gave additional points for what?Grenade kills
65%
Week 1 of CoE gave additional points for what?Precision kills
63%
What is earned on completing your first level 41 PoE each week? (account based)Sterling Treasure
58%
Taken Hive bossSylok, the Defiled
44%
What modifiers did Bungie remove from the final round of level 35 PoE due to it being completed too easily?Elemental Burns
42%
Name the Warlock PoE armour set.Kellbreaker
25%
Vex bossQodron, Gate Lord
23%
Taken Fallen bossKeksis, the Betrayed
19%
Hive Ogre bossGulrot, Unclean
18%
Name the Titan PoE armour set.Kellslayer
18%
Fallen bossKaliks Reborn
16%
Name the Hunter PoE armour set.Kellhunter
16%
Hive Knight bossUrrox, Flame Prince
15%
Often referred to as the "taint", what is the name of the debuff applied to guardians during level 35 PoE?Devouring Essence
15%
Taken Vex bossSeditious Mind
10%
Cabal bossValus Trau'ug
7%
Taken Cabal bossNoru'usk, Servant of Oryx
7%

Score Distribution

Percentile by Number Answered

Percent of People with Each Score

Your Score History

You have not taken this quiz